NHL teams with the most playoff appearances - Statistics

General Stats
  • This quiz has been taken 47 times
  • The average score is 9 of 10
Answer Stats
# of appearances Team % Correct
86 Montreal Canadiens
95%
74 Toronto Maple Leafs
95%
77 Boston Bruins
93%
63 Chicago Blackhawks
93%
64 Detroit Red Wings
93%
63 New York Rangers
93%
37 Pittsburgh Penguins
88%
40 Philadelphia Flyers
85%
46 St Louis Blues
80%
37 Dallas Stars
75%
No matching quizzes found
Score Distribution
Percent of People with Each Score
Percentile by Number Answered
Your Score History
You have not taken this quiz